Представление документа в формате RUSMARC

ПолеНазваниеЗначение
  Тип записи a
  Библиографический уровень m
001 Контрольный номер RU/CBS_UL/BASE/52fb3307230641b2b2e7f421a6c9b1d4
005 Дата корректировки 20260327093116.0
101 Язык документа __
a Язык текста rus
102 Страна публикации __
a Страна публикации RU
200 Заглавие и сведения об ответственности 0_
a Заглавие № 22 (27 март.)
210 Выходные данные __
d Дата издания 2026
461 Уровень набора __
1 2001
a Ульяновская правда
v № 22 (27 март.)
1 210
d 2026
801 Источник записи __
a Страна RU
b Организация МБУК ЦБС г. Ульяновска
g Правила каталогизации RCR
901 Тип документа __
w Контрольный № источника RU/CBS_UL/BASE/584026164
t Тип документа h
909 Создатель записи __
a Создатель записи mbo